Business statistics (Record no. 489)

000 -LEADER
fixed length control field 00390 a2200157 4500
008 - FIXED-LENGTH DATA ELEMENTS--GENERAL INFORMATION
fixed length control field 191029b ||||| |||| 00| 0 eng d
020 ## - INTERNATIONAL STANDARD BOOK NUMBER
International Standard Book Number 9788174466792
082 00 - DEWEY DECIMAL CLASSIFICATION NUMBER
Classification number 657
Item number B5753
100 ## - MAIN ENTRY--PERSONAL NAME
Personal name Bhardwaj, R. S.
245 ## - TITLE STATEMENT
Title Business statistics
250 ## - EDITION STATEMENT
Edition statement 2nd ed.
260 ## - PUBLICATION, DISTRIBUTION, ETC. (IMPRINT)
Name of publisher, distributor, etc Excel Books
Date of publication, distribution, etc 2008
Place of publication, distribution, etc New Delhi
300 ## - PHYSICAL DESCRIPTION
Extent 773p.
650 #0 - SUBJECT ADDED ENTRY--TOPICAL TERM
Topical term or geographic name as entry element Statistics
942 ## - ADDED ENTRY ELEMENTS (KOHA)
Source of classification or shelving scheme
Item type Books
Holdings
Withdrawn status Lost status Source of classification or shelving scheme Damaged status Not for loan Permanent location Current location Date acquired Source of acquisition Cost, normal purchase price Total Checkouts Full call number Barcode Date last seen Date last borrowed Cost, replacement price Koha item type
          IMU Kolkata IMU Kolkata 2019-10-14 Excel Books 370.01 1 657 B5753 12361 2023-12-27 2023-12-13 495.00 Books
          IMU Kolkata IMU Kolkata 2019-10-14 Excel Books 370.01   657 B5753 12362 2019-10-14   495.00 Books
          IMU Kolkata IMU Kolkata 2019-10-14 Excel Books 370.01 1 657 B5753 12363 2023-12-19 2023-12-04 495.00 Books
          IMU Kolkata IMU Kolkata 2019-10-14 Excel Books 370.01 1 657 B5753 12364 2023-12-22 2023-11-30 495.00 Books
          IMU Kolkata IMU Kolkata 2019-10-29 Excel Books 370.01   657 B5753 12365 2019-10-29   495.00 Books
Designed and Maintained by IMU-KC Library, Kolkata Campus © Copyright All Rights Reserved

webs counters

Powered by Koha